| 000 | 00673nam a22002057a 4500 | ||
|---|---|---|---|
| 005 | 20170619102017.0 | ||
| 008 | 170619b sp ||||| |||| 00| 0 spa d | ||
| 020 | _a958695191x | ||
| 050 | 0 | 4 |
_aB65 _bH33 2005 |
| 245 | 0 | 0 |
_a Hacer visible lo visible : _blo privado y lo público / _ccomp. Ignacio Abello T [et al] |
| 250 | _a1a ed. | ||
| 260 |
_aBogotá : _bUniversidad de los Andes, _c2005. |
||
| 300 |
_axxxiii, 317 p. ; _c21 cm. |
||
| 504 | _aIncluye índice | ||
| 650 | 4 |
_aCiencia política _xFilosofía. |
|
| 650 | 4 | _aAntropología filosófica | |
| 650 | 4 | _aFilosofía de la Historia | |
| 700 | 1 |
_aAbello T. Ignacio _ecomp. _e[et al] |
|
| 942 |
_2lcc _cLIB |
||
| 999 |
_c134871 _d134871 |
||